Представление документа в формате MARC21

Поле Инд. ПП Название Значение
Тип записи a
Библиографический уровень m
001 _ Контрольный номер RU\infra-m\znanium\bibl\899757
005 _ Дата корректировки 20250915104142.7
008 Кодируемые данные 190327s2017 RU g rus u
020 a ISBN 978-5-16-105736-0
040 a Служба первич. каталог. Общество с ограниченной ответственностью «ЗНАНИУМ»
041 a Код языка текста rus
044 a Код страны публикации RU
084 2 Источник индекса okso
a Индекс другой классификации/Индекс ББК 39.03.01
084 2 Источник индекса okso
a Индекс другой классификации/Индекс ББК 39.00.00
100 1_ a Автор Мысляева Ирина Николаевна
q Полное имя Ирина Николаевна
245 a Заглавие Каким может быть социальное партнерство в России
b Продолж. заглавия Монография
c Ответственность Московский государственный университет им. М.В. Ломоносова, экономический факультет
250 a Основные сведения об издании 1
260 a Место издания Москва
b Издательство ООО "Научно-издательский центр ИНФРА-М"
c Дата издания 2017
300 a Объем 48 с.
521 a Примеч. о целев. назн. Дополнительное профессиональное образование
650 a Основная рубрика Политика. Социология
x Основная подрубрика Социальная работа. Социальная политика
852 x Примечание, не предназначенное для пользователя znanium2022
856 4_ a Имя сервера/домена znanium.com
m Помощь ebs_support@infra-m.ru
n Местонахождение сервера НИЦ ИНФРА-М
u URL http://znanium.com/catalog/document?id=64444
z Примечание для пользователя Участвует в КО
856 41 a Имя сервера/домена znanium.com
d Путь /cover/0899
f Электронное имя 899757.jpg
q Тип электронного формата image/jpeg
u URL https://znanium.com/cover/0899/899757.jpg